000 00426nam a2200145Ia 4500
008 220216s9999 xx 000 0 und d
100 _aAhmad Bin Ibrahim
245 0 _aStart-up of anaerobic/facultative ponds for treatment of rubber processing effluent
260 _bPlanters Bulletin
_c1980
300 _a153-155
650 _aEffluent treatment
650 _aRubber effluent
650 _aRubber processing
942 _cJS
999 _c69248
_d69248